| 000 | 00396nam a2200157Ia 4500 | ||
|---|---|---|---|
| 005 | 20250701152842.0 | ||
| 008 | 240331s9999 xx 000 0 und d | ||
| 020 | _a95598177012 | ||
| 082 |
_bDIS _a491 |
||
| 100 | _aDissanayake,J.B | ||
| 245 | 0 | _aLets learn sinhala - 1 | |
| 260 |
_aSri Lanka _bsumathi Book _c2003 |
||
| 300 | _a111 p ., | ||
| 500 | _aA book on Vowels and Consonants | ||
| 942 | _cL | ||
| 999 |
_c5215 _d5215 |
||